LEADER 00978nam a2200241 i 4500 001 000000136311 003 CaOOAMICUS 005 20050322000000.0 008 050322s1940 it u000 u ita u 013 $a109811 040 $aSeMil$bita 100 1 $aCosmo, Umberto.$0(OLS)http://semarc/name/36900 245 10$aCon Madonna Povertà :$bstudi francescani /$cUmberto Cosmo. 260 $aBari :$bLaterza & Figli,$c1940. 300 $a303 p. ;$c21 cm. 490 0 $aBiblioteca di cultura moderna ;$v353 650 4$aFrancescanesimo - Studi.$0(OLS)http://semarc/subject/14430 830 0$aBiblioteca di cultura moderna ;$v353.$0(OLS)http://semarc/title/639 850 $aSeMil 852 $aSeMil$W1$xVenegono$y1$m3G II 46$j89929$B89929$CSeMilBibl$Z2$F95554 $81 961 $aLascito: Bricchi don Pasquale 996 $6245$aCon Madonna Povertà :$bstudi francescani$9(OLS)http://semarc/title/199198 996 $6260$aBari :$bLaterza & Figli$9(OLS)http://semarc/publisher/29663 LEADER 01409nam a2200253 i 4500 001 000000245834 003 CaOOAMICUS 005 20151019000000.0 008 151019s1654 it u000 u ita u 013 $a224739 026 $aher- tine o-di redu (3) 1654 (R) 040 $aSeMil$bita 245 10$aMemoriale à prelati per profittevole ammaestramento de sudditi. Ragionamenti sagri del molto reverendo padre fra Giovanni Moriondo da Moncalieri, .. 260 $aIn Torino :$bAppresso gl'HH. di Gio. Dominico Tarino,$c1654. 300 $a[32], 643, [33] p. ;$cfol. 500 $aFront. e testo in cornice a doppio filetto. - Segn. : pg4 *4 ?-4? A-4L4 4M2 a-h2. - Vignetta xilogr. (S. Francesco riceve le Stimmate) su front. stampato in rosso e nero. - Iniz., fregi xilogr. 700 1 $aMoriondo, Giovanni.$0(OLS)http://semarc/name/82593 710 0 $aTarino, Giovanni Domenico eredi .$0(OLS)http://semarc/name/19677 850 $aSeMil 852 $aSeMil$W1$xVenegono$y1$m3H VI 17 FA$j196180$B196180$CSeMilBibl$Z2$F207011 $8I 941 1 $a10 961 $aRecupero: Mantegazza 996 $6245$aMemoriale à prelati per profittevole ammaestramento de sudditi. Ragionamenti sagri del molto reverendo padre fra Giovanni Moriondo da Moncalieri, ..$9(OLS)http://semarc/title/347494 996 $6260$aIn Torino :$bAppresso gl'HH. di Gio. Dominico Tarino$9(OLS)http://semarc/publisher/54979